Laliga Hypermotion Teams - Statistics

General Stats
  • This quiz has been taken 67 times
    27 since last reset
  • The average score is 18 of 22
Answer Stats
Answer % Correct
Las Palmas
96%
Mirandes
96%
Albacete
91%
Almeria
91%
Sporting Gijon
91%
Zaragoza
91%
Leganes
87%
Malaga
87%
Real Racing Club Santander
87%
Real Sociedad B
87%
Valladolid
87%
Cadiz
83%
Cultural Leonesa
83%
Granada
83%
Castellon
78%
Ceuta
78%
Cordoba
74%
Deportivo La Coruna
74%
Huesca
74%
Burgos
70%
Eibar
70%
Andorra
65%
No matching quizzes found
Score Distribution
Percent of People with Each Score
Percentile by Number Answered
Your Score History
You have not taken this quiz since the last reset